Current human rights struggles in the netherlands: what to learn from the legendary little dutch boy (or girl)? /

Salvato in:
Dettagli Bibliografici
Autore principale: Olujic, Franka
Natura: testo
Tags: Aggiungi Tag
Nessun Tag, puoi essere il primo ad aggiungerne!!

MARC

LEADER 00000 a a2200000 04500
001 48543
003
040
100 |a Olujic, Franka  
245 |a Current human rights struggles in the netherlands:   |b what to learn from the legendary little dutch boy (or girl)? /  |c Franka Olujic  
773 |a volumen13, número1, (2011), páginas 4-6  
999 |c 34881  |d 34881